Vocabulaire anglais - Statistiques

Statistiques générales
  • Ce quiz a été pris 520 fois
  • Le résultat moyen est 7 sur 15
Statistiques - réponses
Français Anglais % Correct
Vêtements Clothes
78%
Tableau Board
74%
Ecureuil Squirrel
73%
Genoux Knees
72%
Escalier Stairs
66%
Ennuyé Bored
59%
Tapis Carpet
55%
Tremblement de Terre Earthquake
48%
Echecs Chess
44%
Méduse Jellyfish
37%
Radis Radish
26%
Rein Kidney
25%
Litchi Lychee
6%
Tongue Flip Floops
1%
Fouet Whiske
1%
Aucun quiz correspondant
Distribution des résultats
% des personnes avec chaque résultat
Percentile par nombre de réponses
Votre historique - résultats
Vous n’avez pas pris ce quiz